| 000 | 00514nam a2200169 i 4500 | ||
|---|---|---|---|
| 001 | 43708 | ||
| 003 | ES-MaACL | ||
| 005 | 20230906160849.0 | ||
| 007 | t| | ||
| 008 | 030318s1902 fr ||||1| fre d | ||
| 100 | 1 |
_aCauderlier, G. _937103 |
|
| 245 | 1 | 4 |
_aLes lois de la population en France / _cpar G. Cauderlier ; avec une preface par E. Levasseur. |
| 260 |
_aParis : _b[s.n., _c1902] ( _fGuillaumine et Cie.) |
||
| 300 |
_a2 v. ; _c28 cm. |
||
| 700 | 0 |
_aLevasseur, Emile. _971915 |
|
| 852 |
_aES-MaACL _jG-5789-90 |
||
| 999 |
_c43708 _d43708 |
||